Modest_Witness@Second_Millennium.FemaleManMeetsOncoMouse : feminism and technoscience
Αποθηκεύτηκε σε:
| Κύριος συγγραφέας: | |
|---|---|
| Μορφή: | Βιβλίο |
| Γλώσσα: | English |
| Δημοσίευση: |
New York :
Routledge,
1997
|
| Θέματα: | |
| Ετικέτες: |
Προσθήκη ετικέτας
Δεν υπάρχουν, Καταχωρήστε ετικέτα πρώτοι!
|
MARC
| LEADER | 00000nam a2200000 i 4500 | ||
|---|---|---|---|
| 001 | 1/70805 | ||
| 008 | 080117s1997 eng d | ||
| 020 | |a 0-415-91245-8 | ||
| 035 | |l 10093771 | ||
| 040 | |a GR-MY-UA |b gre |e aacr | ||
| 041 | 0 | |a eng | |
| 082 | 0 | |a 305.4201 |2 (22) | |
| 100 | 1 | |a Haraway, Donna Jeanne. | |
| 245 | 1 | 0 | |a Modest_Witness@Second_Millennium.FemaleManMeetsOncoMouse : |b feminism and technoscience / |c Donna J. Haraway ; with paintings by Lynn M. Randolph |
| 260 | |a New York : |b Routledge, |c 1997 | ||
| 300 | |a xi, 361 σ.; |b εικ.; |c 24 εκ. | ||
| 500 | |a Ο τίτλος είναι μια διεύθυνση ηλεκτρονικού ταχυδρομείου. T.p. Στις παύλες είναι υπογεγραμμένος "FemaleMan" ακολουθείται από το σύμβολο πνευματικών δικαιωμάτων, και "OncoMouse" "" του TM με των γραμμένων στο επάνω μέρος επιστολών | ||
| 504 | |a Βιβλιογραφία: σ. 317-337 | ||
| 504 | |a Ευρετήριο: σ. 339-361 | ||
| 650 | 0 | 0 | |a Feminist theory. |
| 650 | 0 | 0 | |a Feminist criticism. |
| 650 | 0 | 0 | |a Technology |x Social aspects. |
| 650 | 0 | 0 | |a Science |x Social aspects. |
| 650 | 0 | 0 | |a Computers and civilization. |
| 700 | 1 | |a Randolph, Lynn M. |4 oth | |
| 852 | |a INST |b LESVOS |e 20080117 |h 305.4201 HAR |p 005100040338 |q 005100040338 |t BK |y 0 | ||
| 901 | |a BIBL1-2008-1 | ||
| 909 | |a Λ |b 142761 | ||
| 922 | |a 1ΕΛΗ |b 200712 |c ΕΠΕΑΕΚ2/ΤΚΑ |d ΕΛΕΥΘΕΡΟΥΔΑΚΗΣ | ||
| 970 | |a ΚΑΡΑ |b ΓΙΑΣΕΜΗ |z 2008/01/17 | ||